Los catalanes en América (Record no. 98326)

MARC details
000 -LEADER
campo de control de longitud fija 00674nam a2200193 i 4500
001 - NÚMERO DE CONTROL
campo de control 98326
003 - IDENTIFICADOR DE NÚMERO DE CONTROL
campo de control ES-MaACL
005 - FECHA Y HORA DE LA ÚLTIMA TRANSACCIÓN
campo de control 20240219222657.0
008 - DATOS DE LONGITUD FIJA--INFORMACIÓN GENERAL
campo de control de longitud fija 050728q1918 sp |||| | spa d
100 1# - ENTRADA PRINCIPAL--NOMBRE DE PERSONA
Nombre de persona Martí, Carlos (
Fechas asociadas al nombre m. 1939)
9 (RLIN) 170929
245 14 - MENCIÓN DEL TÍTULO
Título Los catalanes en América
Resto del título : Cuba /
Mención de responsabilidad, etc. Carlos Martí ; cartas-prólogo de D. Francisco Cambó y del Dr. Mario García Kohly.
260 ## - PUBLICACIÓN, DISTRIBUCIÓN, ETC.
Lugar de publicación, distribución, etc. Barcelona :
Nombre del editor, distribuidor, etc. Minerva,
Fecha de publicación, distribución, etc. [1918?]
300 ## - DESCRIPCIÓN FÍSICA
Extensión 299 p. ;
Dimensiones 18 cm.
650 #4 - PUNTO DE ACCESO ADICIONAL DE MATERIA--TÉRMINO DE MATERIA
Término de materia o nombre geográfico como elemento de entrada Catalanes-
Subdivisión geográfica Cuba.
9 (RLIN) 158814
700 1# - ENTRADA AGREGADA--NOMBRE PERSONAL
Nombre de persona Cambó, Francesc,
Fechas asociadas al nombre 1876-1947
9 (RLIN) 34032
700 1# - ENTRADA AGREGADA--NOMBRE PERSONAL
Nombre de persona García Kohly, Mario,
Fechas asociadas al nombre 1871-1935
9 (RLIN) 54804
852 ## - LOCALIZACIÓN
Ubicación ES-MaACL
Número de control de estantería F-608
Holdings
Estatus retirado Estado de pérdida Estado de daño No para préstamo Biblioteca de origen Biblioteca actual Ubicación en estantería Fecha de adquisición Fuente de adquisición Total de préstamos Signatura topográfica completa Código de barras Visto por última vez Precio de reemplazo Tipo de ítem Koha
        Biblioteca del Ateneo de Madrid Biblioteca del Ateneo de Madrid Depósito 2 17/01/2008     F-608 1102645 23/02/2023 23/02/2023 Libro impreso